LIBRARY & INFORMATION CENTRE, KCAET, TAVANUR

ONLINE PUBLIC ACCESS CATALOGUE (OPAC)

Drainage Manual: A Water Resources Technical Publication (Record no. 5936)

MARC details
000 -LEADER
fixed length control field 00314cam a2200121ua 4500
020 ## - INTERNATIONAL STANDARD BOOK NUMBER
ISBN 81 7233 087 7
082 ## - DEWEY DECIMAL CLASSIFICATION NUMBER
Classification number 627.54
Item number AWA/DR
245 ## - TITLE STATEMENT
Title Drainage Manual: A Water Resources Technical Publication
250 ## - EDITION STATEMENT
Edition statement 3 /
260 ## - PUBLICATION, DISTRIBUTION, ETC. (IMPRINT)
Place of publication Jodhpur :
Name of publisher Scientific Publishers ,
Year of publication 1995.
300 ## - PHYSICAL DESCRIPTION
Number of Pages 321 ; .
942 ## - ADDED ENTRY ELEMENTS (KOHA)
Koha item type Reference
Holdings
Withdrawn status Lost status Damaged status Collection code Home library Current library Shelving location Date acquired Full call number Accession Number Koha item type
      Reference KAUAET KAUAET General Stacks 07/04/2012 627.54.AWA/DR 19659 Books
free website counter